[Event "aut_ychb12 Deutschlandsberg"]
[Site "Deutschlandsberg, Laßnitzhaus"]
[Date "2006.??.??"]
[Round "1.1"]
[White "Ly, Daniel"]
[Black "Schnegg, Martin"]
[Result "0-1"]
[WhiteElo "1504"]
[BlackElo "1747"]
[PlyCount "55"]
[EventDate "2006.06.03"]

1. e4 c5 2. Nf3 d6 3. d4 cxd4 4. Nxd4 Nf6 5. Nc3 g6 6. Bc4 Bg7 7. O-O O-O 8. f4
Qb6 9. Be3 Ng4 10. Nd5 Nxe3 11. Nxb6 Nxd1 12. Rfxd1 axb6 13. c3 Nc6 14. Rd2
Nxd4 15. cxd4 Be6 16. Bxe6 fxe6 17. g3 Rfc8 18. e5 Rc4 19. b3 Rc3 20. Kf1 Rac8
21. Ke2 b5 22. Kd1 b4 23. Ke2 h6 24. Rg1 Rf8 25. Rd3 b5 26. Rxc3 bxc3 27. a3
dxe5 28. dxe5 0-1

[Event "aut_ychb12 Deutschlandsberg"]
[Site "Deutschlandsberg, Laßnitzhaus"]
[Date "2006.??.??"]
[Round "1.2"]
[White "Wertjanz, David"]
[Black "Buchner, Gernot"]
[Result "1/2-1/2"]
[WhiteElo "1743"]
[BlackElo "1499"]
[PlyCount "54"]
[EventDate "2006.06.03"]

1. e4 c6 2. d4 d5 3. e5 Bf5 4. Nf3 h6 5. Be2 e6 6. O-O c5 7. Be3 c4 8. Nc3 Bb4
9. a3 Bxc3 10. bxc3 Nc6 11. Nh4 Qxh4 12. Qb1 Qe7 13. Bc1 Qd7 14. a4 Nge7 15.
Ba3 O-O 16. Bd6 Rfe8 17. Bh5 b6 18. Qc1 Bg6 19. Be2 Nf5 20. Ba3 Na5 21. g4 Ne7
22. h4 Qd8 23. f4 Nec6 24. f5 Qxh4 25. fxg6 Qg3+ 26. Kh1 Qh3+ 27. Kg1 Qg3+
1/2-1/2

[Event "aut_ychb12 Deutschlandsberg"]
[Site "Deutschlandsberg, Laßnitzhaus"]
[Date "2006.??.??"]
[Round "1.3"]
[White "Pilsan, Aaron"]
[Black "Kessler, Luca"]
[Result "1/2-1/2"]
[WhiteElo "1459"]
[BlackElo "1663"]
[PlyCount "34"]
[EventDate "2006.06.03"]

1. e4 c5 2. Nf3 d6 3. d4 cxd4 4. Nxd4 Nf6 5. Nc3 e6 6. f3 a6 7. Be3 Be7 8. Qd2
Nc6 9. O-O-O Qc7 10. Be2 Ne5 11. f4 Nc4 12. Bxc4 Qxc4 13. Qd3 b5 14. Qxc4 bxc4
15. Nc6 Bb7 16. Nxe7 Kxe7 17. Rd4 Rac8 1/2-1/2

[Event "aut_ychb12 Deutschlandsberg"]
[Site "Deutschlandsberg, Laßnitzhaus"]
[Date "2006.??.??"]
[Round "1.4"]
[White "Kammerer, Gernot"]
[Black "Handler, Lukas"]
[Result "1/2-1/2"]
[WhiteElo "1626"]
[BlackElo "1444"]
[PlyCount "31"]
[EventDate "2006.06.03"]

1. e4 c6 2. d4 d5 3. e5 Bf5 4. Nf3 e6 5. Be2 c5 6. Be3 Nd7 7. O-O Qc7 8. c3 Ne7
9. Na3 a6 10. Rc1 Nc6 11. Nb1 Be7 12. a3 O-O 13. b4 c4 14. Nfd2 Bg6 15. f4 f5
16. h3 1/2-1/2

[Event "aut_ychb12 Deutschlandsberg"]
[Site "Deutschlandsberg, Laßnitzhaus"]
[Date "2006.??.??"]
[Round "1.5"]
[White "Hoertnagl, Martin"]
[Black "Dalnodar, Bernhard"]
[Result "0-1"]
[WhiteElo "1420"]
[BlackElo "1620"]
[PlyCount "68"]
[EventDate "2006.06.03"]

1. d4 d5 2. c4 c6 3. Nc3 Nf6 4. Nf3 dxc4 5. Bg5 b5 6. e3 e6 7. a4 Bb4 8. Qc2
Bb7 9. Be2 a6 10. O-O Nbd7 11. Rfd1 O-O 12. Ne5 Qc7 13. Ne4 Nxe4 14. Qxe4 c5
15. Qg4 Nxe5 16. dxe5 Qxe5 17. f4 Qxe3+ 18. Kf1 f5 19. Qg3 Qxg3 20. hxg3 Rfe8
21. Rd7 Bc6 22. Rc7 Bd5 23. g4 Ba5 24. Rxc5 Bb6 25. Rxd5 exd5 26. gxf5 Rf8 27.
Bg4 d4 28. Bf3 Ra7 29. axb5 axb5 30. Rxa7 Bxa7 31. Bc6 Rxf5 32. Be4 Rc5 33. g4
d3 34. Kf2 Rxg5+ 0-1

[Event "aut_ychb12 Deutschlandsberg"]
[Site "Deutschlandsberg, Laßnitzhaus"]
[Date "2006.??.??"]
[Round "1.6"]
[White "Klocker, Elias"]
[Black "Steiner, Lucia"]
[Result "1/2-1/2"]
[WhiteElo "1539"]
[BlackElo "1403"]
[PlyCount "44"]
[EventDate "2006.06.03"]

1. e4 e5 2. Nf3 Nc6 3. d4 exd4 4. Nxd4 Nxd4 5. Qxd4 d6 6. Nc3 Nf6 7. Bg5 Be7 8.
O-O-O O-O 9. Bc4 c5 10. Qd2 a6 11. h4 b5 12. Bd5 Rb8 13. Rhe1 b4 14. Nb1 a5 15.
Qf4 h6 16. Bxh6 Kh7 17. Bg5 Rb6 18. Bxf6 Bxf6 19. Rh1 Ra6 20. Bc4 Rb6 21. Bd3
Kg8 22. Bc4 a4 1/2-1/2

[Event "aut_ychb12 Deutschlandsberg"]
[Site "Deutschlandsberg, Laßnitzhaus"]
[Date "2006.??.??"]
[Round "1.8"]
[White "Liao, Kevin"]
[Black "Strantz, Joerg"]
[Result "1/2-1/2"]
[WhiteElo "1525"]
[BlackElo "1375"]
[PlyCount "110"]
[EventDate "2006.06.03"]

1. Nf3 Nc6 2. b3 e5 3. Bb2 Bd6 4. d3 b6 5. Nbd2 f6 6. Nc4 Bc5 7. g3 Bb7 8. Bg2
Qe7 9. Qd2 O-O-O 10. O-O-O Bb4 11. Qe3 Bc5 12. Qd2 d5 13. Ne3 Bb4 14. c3 Bd6
15. Nf5 Qf8 16. Nxd6+ Qxd6 17. Qe3 Nge7 18. Nh4 g5 19. Nf5 Nxf5 20. Qd2 h5 21.
h4 g4 22. a4 d4 23. Be4 Nfe7 24. c4 f5 25. Bg2 Nb4 26. Bxb7+ Kxb7 27. Ba3 Nxd3+
28. Kb1 Qxa3 29. Qxd3 Qc5 30. f3 Kb8 31. Rhe1 Kc8 32. Rf1 Rdf8 33. f4 Rd8 34.
fxe5 Qxe5 35. Rf4 Rhg8 36. Rxd4 Rxd4 37. Qxd4 Qxg3 38. Qd7+ Kb7 39. Qxe7 Qh2
40. Rd7 a6 41. Qe6 Rf8 42. Qd5+ Ka7 43. Qc6 Rc8 44. c5 Qg1+ 45. Kb2 Qxc5 46.
Qxc5 bxc5 47. Rh7 g3 48. Rg7 f4 49. e3 fxe3 50. Rxg3 Re8 51. Rg1 Re4 52. Re1 e2
53. Kc3 Kb6 54. Kd3 Rxh4 55. Rxe2 Rh3+ 1/2-1/2

[Event "aut_ychb12 Deutschlandsberg"]
[Site "Deutschlandsberg, Laßnitzhaus"]
[Date "2006.??.??"]
[Round "1.9"]
[White "Duan, Felix"]
[Black "Cortolezis, Leander"]
[Result "1-0"]
[WhiteElo "1372"]
[BlackElo "1523"]
[PlyCount "65"]
[EventDate "2006.06.03"]

1. e4 e5 2. Nf3 Nc6 3. Bc4 Bc5 4. c3 Nf6 5. d4 Bd6 6. Bg5 h6 7. Bh4 O-O 8. O-O
Re8 9. Re1 b6 10. Nbd2 Na5 11. Bd3 c5 12. b4 cxb4 13. cxb4 Nc6 14. dxe5 Nxe5
15. Nxe5 Bxe5 16. Rc1 Bb7 17. Nf3 Bc7 18. Qc2 Rc8 19. Qb1 d5 20. e5 g5 21. exf6
Rxe1+ 22. Rxe1 gxh4 23. Bh7+ Kh8 24. Re7 Qf8 25. Nxh4 Bc6 26. Bg6 Bd6 27. Rxf7
Qxf7 28. Bxf7 Bd7 29. Ng6+ Kh7 30. Ne7+ Kh8 31. Nxc8 Bxc8 32. Qg6 Bf5 33. Qg8#
1-0

[Event "aut_ychb12 Deutschlandsberg"]
[Site "Deutschlandsberg, Laßnitzhaus"]
[Date "2006.??.??"]
[Round "1.10"]
[White "Riemelmoser, Markus"]
[Black "Kainz, Jakob"]
[Result "1-0"]
[WhiteElo "1505"]
[BlackElo "1283"]
[PlyCount "91"]
[EventDate "2006.06.03"]

1. Nf3 Nc6 2. c4 e5 3. Nc3 g6 4. d3 Bg7 5. g3 b6 6. Bg2 Bb7 7. O-O Rb8 8. Bd2
Nd4 9. Nxd4 exd4 10. Ne4 h5 11. f4 f5 12. Ng5 Bxg2 13. Kxg2 Qe7 14. Re1 Kd8 15.
e4 Qf6 16. exf5 Qxf5 17. Qe2 Nf6 18. Qe7+ Kc8 19. Qxg7 Kb7 20. Ne4 Ng4 21. Qxd4
h4 22. Qd5+ Kc8 23. Qxf5 gxf5 24. Nf2 hxg3 25. Nxg4 fxg4 26. hxg3 Kb7 27. Rh1
Rhe8 28. Rae1 Rf8 29. Rh4 Rg8 30. f5 Rbf8 31. Rf1 Rf6 32. Bc3 Rf7 33. f6 Kb8
34. Rh5 Kb7 35. Re5 d6 36. Re7 Rxe7 37. fxe7 Re8 38. Bf6 Ka8 39. Bh4 a6 40. Rf8
Rb8 41. Rxb8+ Kxb8 42. e8=Q+ Kb7 43. Qd7 a5 44. Bd8 Ka6 45. Qxc7 a4 46. Qxb6#
1-0

[Event "aut_ychb14 Deutschlandsberg"]
[Site "Deutschlandsberg, Laßnitzhaus"]
[Date "2006.??.??"]
[Round "1.1"]
[White "Halvax, Georg"]
[Black "Singer, Gerald"]
[Result "1/2-1/2"]
[WhiteElo "1883"]
[BlackElo "1669"]
[PlyCount "48"]
[EventDate "2006.06.03"]

1. e4 c6 2. d4 d5 3. e5 Bf5 4. Nc3 e6 5. h4 h5 6. Be3 Nd7 7. Bd3 Bxd3 8. Qxd3
Ne7 9. Nf3 Nf5 10. Ne2 Nxe3 11. fxe3 g6 12. O-O-O Bh6 13. Nf4 Bxf4 14. exf4 Qe7
15. Kb1 O-O-O 16. g3 Kb8 17. c3 Nb6 18. Nd2 Rc8 19. Nb3 Nc4 20. Nd2 Nxd2+ 21.
Qxd2 Rhd8 22. Qe3 Ka8 23. Rd2 Rh8 24. Qf3 Kb8 1/2-1/2

[Event "aut_ychb14 Deutschlandsberg"]
[Site "Deutschlandsberg, Laßnitzhaus"]
[Date "2006.??.??"]
[Round "1.2"]
[White "Dimitriadis, Philipp"]
[Black "Schreiner, Peter"]
[Result "0-1"]
[WhiteElo "1646"]
[BlackElo "1878"]
[PlyCount "106"]
[EventDate "2006.06.03"]

1. e4 c5 2. Nf3 d6 3. d4 cxd4 4. Nxd4 Nf6 5. Nc3 g6 6. Bc4 Bg7 7. Be3 O-O 8.
O-O Ng4 9. Qd2 Nxe3 10. Qxe3 Nc6 11. Nf3 a6 12. Rab1 b5 13. Bd5 Bb7 14. a3 Qc7
15. Bb3 Na5 16. Nd5 Bxd5 17. Bxd5 Rac8 18. Rfc1 Nc4 19. Bxc4 Qxc4 20. Ne1 Bd4
21. Qd3 Qc5 22. Qf3 Qc4 23. Qd3 Qc5 24. Qf3 Qa7 25. Nd3 Qb7 26. c3 Bg7 27. Qe2
Rc4 28. Re1 e6 29. Rbd1 Rd8 30. f3 a5 31. Nc1 Qb6+ 32. Qe3 Qxe3+ 33. Rxe3 b4
34. axb4 axb4 35. Ne2 bxc3 36. bxc3 Kf8 37. Red3 Ke7 38. Kf2 g5 39. Nd4 Be5 40.
Ne2 Rdc8 41. Rc1 Ra8 42. Rc2 Ra1 43. g3 h5 44. Rcd2 Ra6 45. Ke3 Rac6 46. Rc2
Bg7 47. Kd2 g4 48. fxg4 hxg4 49. Nd4 Rc8 50. Ke3 Bxd4+ 51. Rxd4 Rxc3+ 52. Rxc3
Rxc3+ 53. Kf4 e5+ 0-1

[Event "aut_ychb14 Deutschlandsberg"]
[Site "Deutschlandsberg, Laßnitzhaus"]
[Date "2006.??.??"]
[Round "1.3"]
[White "Hartl, Daniel"]
[Black "Gerhold, Christoph"]
[Result "0-1"]
[WhiteElo "1865"]
[BlackElo "1634"]
[PlyCount "106"]
[EventDate "2006.06.03"]

1. e4 c5 2. Nf3 Nc6 3. Bb5 g6 4. O-O Bg7 5. c3 Nf6 6. Re1 O-O 7. d4 cxd4 8.
cxd4 d5 9. e5 Ne4 10. Bxc6 bxc6 11. Nbd2 Nxd2 12. Qxd2 Bg4 13. Qf4 Bxf3 14.
Qxf3 e6 15. b3 f6 16. Ba3 Rf7 17. Qc3 fxe5 18. dxe5 Qb6 19. Bc5 Qb5 20. Rac1
Rc8 21. Rc2 Bf8 22. b4 Bxc5 23. Qxc5 Qxc5 24. Rxc5 Rb7 25. a3 Rb5 26. Rec1 Rxc5
27. Rxc5 Kf7 28. b5 Ke7 29. bxc6 Kd8 30. a4 Kc7 31. a5 Rb8 32. g3 a6 33. Kf1
Rb5 34. Rc3 Rxa5 35. Rf3 Kxc6 36. Rf7 d4 37. f4 Kd5 38. Ke2 Ke4 39. Rxh7 Ra2+
40. Kd1 Ke3 41. Rd7 d3 42. Kc1 Rc2+ 43. Kb1 Rxh2 44. Rd6 a5 45. Rxe6 Rh1+ 46.
Kb2 d2 47. Rd6 d1=Q 48. Rxd1 Rxd1 49. e6 Rd8 50. g4 Kxf4 51. e7 Re8 52. g5 Rxe7
53. Ka2 Ke3 0-1

[Event "aut_ychb14 Deutschlandsberg"]
[Site "Deutschlandsberg, Laßnitzhaus"]
[Date "2006.??.??"]
[Round "1.4"]
[White "Wertjanz, Daniel"]
[Black "Azad, Razik"]
[Result "0-1"]
[WhiteElo "1625"]
[BlackElo "1846"]
[PlyCount "60"]
[EventDate "2006.06.03"]

1. d4 Nf6 2. Nf3 g6 3. Bf4 Bg7 4. e3 d6 5. Bd3 O-O 6. c3 Nbd7 7. O-O Nh5 8. Bg3
Nxg3 9. hxg3 c5 10. Re1 a6 11. Nbd2 b5 12. b4 Bb7 13. a3 e5 14. dxe5 dxe5 15.
Qc2 f5 16. e4 c4 17. Bf1 f4 18. a4 Qb6 19. g4 Rfe8 20. Rad1 Nf6 21. Nh2 g5 22.
a5 Qe6 23. Be2 Rad8 24. Bf3 Bf8 25. Qb2 Bd6 26. Qb1 Bb8 27. Qc2 Ba7 28. Re2 h5
29. g3 hxg4 30. Bh1 fxg3 0-1

[Event "aut_ychb14 Deutschlandsberg"]
[Site "Deutschlandsberg, Laßnitzhaus"]
[Date "2006.??.??"]
[Round "1.5"]
[White "Binder, Michael"]
[Black "Riemelmoser, Stefan"]
[Result "1-0"]
[WhiteElo "1818"]
[BlackElo "1581"]
[PlyCount "47"]
[EventDate "2006.06.03"]

1. e4 e6 2. d4 d5 3. Nd2 Nf6 4. e5 Nfd7 5. Bd3 c5 6. c3 Nc6 7. Ne2 Qb6 8. Nf3
f6 9. exf6 Nxf6 10. O-O Bd6 11. a3 a5 12. b3 O-O 13. Be3 cxd4 14. Nexd4 Ng4 15.
Bxh7+ Kh8 16. Bc2 e5 17. Nf5 d4 18. N3h4 Bxf5 19. Nxf5 dxe3 20. Qxg4 exf2+ 21.
Rxf2 Rf7 22. Qh5+ Kg8 23. Nh6+ gxh6 24. Qxf7+ 1-0

[Event "aut_ychb14 Deutschlandsberg"]
[Site "Deutschlandsberg, Laßnitzhaus"]
[Date "2006.??.??"]
[Round "1.6"]
[White "Stagl, Marco"]
[Black "Schnegg, Daniel"]
[Result "1/2-1/2"]
[WhiteElo "1581"]
[BlackElo "1816"]
[PlyCount "81"]
[EventDate "2006.06.03"]

1. d4 Nf6 2. c4 e6 3. g3 d5 4. Bg2 Nc6 5. Nf3 dxc4 6. O-O a6 7. Nc3 Bb4 8. a3
Ba5 9. Re1 O-O 10. e4 h6 11. e5 Nd5 12. Qc2 b5 13. Rd1 Rb8 14. Ne2 Nce7 15. Bd2
Bxd2 16. Rxd2 c5 17. dxc5 Qc7 18. b4 cxb3 19. Qxb3 Qxc5 20. Rc1 Qb6 21. Ned4
Bb7 22. a4 b4 23. Nc2 Rfc8 24. Ra1 a5 25. Nfd4 Ba6 26. Bf1 Rc3 27. Qb2 Bxf1 28.
Kxf1 Nc6 29. Nb5 Nxe5 30. Nxc3 Nc4 31. Nxd5 Qa6 32. Qc1 Nxd2+ 33. Kg1 Nb3 34.
Ne7+ Kf8 35. Ng6+ fxg6 36. Qf4+ Ke7 37. Qxb8 Nxa1 38. Nxa1 Qe2 39. Qc7+ Kf6 40.
Qc1 Qa2 41. Qd1 1/2-1/2

[Event "aut_ychb14 Deutschlandsberg"]
[Site "Deutschlandsberg, Laßnitzhaus"]
[Date "2006.??.??"]
[Round "1.7"]
[White "Widhalm, Florian"]
[Black "Peschek, Marcel"]
[Result "1/2-1/2"]
[WhiteElo "1787"]
[BlackElo "1549"]
[PlyCount "58"]
[EventDate "2006.06.03"]

1. e4 c5 2. Nf3 Nc6 3. d4 cxd4 4. Nxd4 Nf6 5. Nc3 e6 6. Bg5 Be7 7. Be2 a6 8.
O-O Nxe4 9. Bxe7 Nxc3 10. Bxd8 Nxd1 11. Nxc6 bxc6 12. Bb6 Nxb2 13. Rab1 Na4 14.
Bd4 Rg8 15. Rb3 c5 16. Be3 d6 17. Bf3 d5 18. Rfb1 g5 19. g3 g4 20. Bg2 Ke7 21.
c4 Rd8 22. Ra3 Bd7 23. cxd5 exd5 24. Bxd5 Rab8 25. Rxb8 Rxb8 26. Bb3 Rb4 27.
Rxa4 Rxa4 28. Bxa4 Bxa4 29. Bxc5+ Ke6 1/2-1/2

[Event "aut_ychb14 Deutschlandsberg"]
[Site "Deutschlandsberg, Laßnitzhaus"]
[Date "2006.??.??"]
[Round "1.8"]
[White "Mrakotsky, Mario"]
[Black "Kozomara, David"]
[Result "1/2-1/2"]
[WhiteElo "1485"]
[BlackElo "1715"]
[PlyCount "76"]
[EventDate "2006.06.03"]

1. e4 c6 2. d4 d5 3. Nc3 dxe4 4. Nxe4 Bf5 5. Ng3 Bg6 6. Nf3 Nd7 7. Be2 Ngf6 8.
O-O Qc7 9. c3 e6 10. Bd3 Bxd3 11. Qxd3 O-O-O 12. Bd2 Bd6 13. Ne4 Nxe4 14. Qxe4
Nf6 15. Qe2 h6 16. a3 g5 17. h3 Rdg8 18. c4 g4 19. hxg4 Nxg4 20. c5 Be7 21. Qe4
Nf6 22. Qf4 Qxf4 23. Bxf4 Nd5 24. Bh2 f6 25. Rfe1 Kd7 26. Re2 Rg4 27. Rae1 Rhg8
28. Bg3 Nc7 29. Re4 Rxe4 30. Rxe4 Nd5 31. Kf1 b6 32. cxb6 axb6 33. Nd2 Bd6 34.
Bxd6 Kxd6 35. Nc4+ Kd7 36. g3 c5 37. dxc5 bxc5 38. a4 e5 1/2-1/2

[Event "aut_ychb14 Deutschlandsberg"]
[Site "Deutschlandsberg, Laßnitzhaus"]
[Date "2006.??.??"]
[Round "1.9"]
[White "Hofer, Christian"]
[Black "Banczi, Thomas"]
[Result "1/2-1/2"]
[WhiteElo "1695"]
[BlackElo "1415"]
[PlyCount "76"]
[EventDate "2006.06.03"]

1. d4 e6 2. Nf3 Nc6 3. c3 Nf6 4. Bg5 Be7 5. e3 d5 6. Bd3 Ne4 7. Bxe7 Qxe7 8.
O-O O-O 9. Nbd2 Ng5 10. Nxg5 Qxg5 11. Nf3 Qf6 12. Rc1 e5 13. Be2 e4 14. Ne1 Qg5
15. f4 exf3 16. Rxf3 Bg4 17. Rg3 Bxe2 18. Qxe2 Qf6 19. Nc2 Rae8 20. Rf1 Qh6 21.
Rff3 f5 22. Rh3 Qf6 23. Qd3 h6 24. Qb5 Qe6 25. Rf1 Qe4 26. Rf2 Rb8 27. Qe2 f4
28. Rhf3 fxe3 29. Rxe3 Qg6 30. Rg3 Rxf2 31. Qxf2 Qh5 32. Ne3 Rf8 33. Qc2 Qf7
34. Rf3 Qe6 35. Rxf8+ Kxf8 36. Qf2+ Kg8 37. Qf3 Ne7 38. Kf2 c6 1/2-1/2

[Event "aut_ychb14 Deutschlandsberg"]
[Site "Deutschlandsberg, Laßnitzhaus"]
[Date "2006.??.??"]
[Round "1.10"]
[White "Ammann, Stephan"]
[Black "Lumetzberger, Dominik"]
[Result "0-1"]
[WhiteElo "1370"]
[BlackElo "1673"]
[PlyCount "122"]
[EventDate "2006.06.03"]

1. e4 c5 2. Nf3 Nc6 3. d4 cxd4 4. Nxd4 g6 5. Nxc6 bxc6 6. Qd4 f6 7. f4 Bg7 8.
f5 gxf5 9. exf5 Qa5+ 10. Nc3 Qxf5 11. Be2 d5 12. Qa4 Bd7 13. Bd2 Qe5 14. O-O-O
d4 15. Nb1 Qxe2 16. Qxd4 Qg4 17. Qf2 f5 18. Bf4 Qxf4+ 19. Qxf4 Bh6 20. Qd2
Bxd2+ 21. Rxd2 Nf6 22. Re1 Kf7 23. Rf1 Rad8 24. Rfd1 e5 25. h3 h5 26. Na3 Nd5
27. b4 Nb6 28. b5 Ke7 29. Re1 e4 30. bxc6 Bxc6 31. Rf2 Rhf8 32. Ref1 Ke6 33. g4
hxg4 34. hxg4 f4 35. Rxf4 Rxf4 36. Rxf4 e3 37. c3 e2 38. Nc2 Rd1+ 39. Kb2 e1=Q
40. Nxe1 Rxe1 41. g5 Re2+ 42. Kc1 Bd5 43. Rg4 Rg2 44. Rxg2 Bxg2 45. Kb2 Bd5 46.
Ka3 a5 47. Kb2 Kf5 48. g6 Kxg6 49. a3 Kf5 50. Kc2 Ke4 51. Kb2 a4 52. c4 Bxc4
53. Kc3 Bb3 54. Kb2 Nc4+ 55. Kb1 Nxa3+ 56. Kb2 Nc4+ 57. Ka1 a3 58. Kb1 a2+ 59.
Ka1 Ne3 60. Kb2 Nc2 61. Kxb3 a1=Q 0-1

[Event "aut_ychg12 Deutschlandsberg"]
[Site "Deutschlandsberg, Laßnitzhaus"]
[Date "2006.??.??"]
[Round "1.1"]
[White "Bauer, Valentina"]
[Black "Froewis, Annika"]
[Result "0-1"]
[WhiteElo "1389"]
[BlackElo "1720"]
[PlyCount "82"]
[EventDate "2006.06.03"]

1. e4 e5 2. Nf3 Nc6 3. d4 exd4 4. Nxd4 Qh4 5. Nc3 Bb4 6. Ndb5 Qxe4+ 7. Be2
Bxc3+ 8. bxc3 Kd8 9. O-O a6 10. Nd4 Nxd4 11. cxd4 h5 12. Bxh5 Qh7 13. g4 g6 14.
Bg5+ f6 15. Bf4 gxh5 16. gxh5 Qxh5 17. Qxh5 Rxh5 18. Bg3 d6 19. c4 Ne7 20. Rac1
Nf5 21. d5 Nd4 22. Rcd1 Ne2+ 23. Kg2 Bh3+ 24. Kh1 Bxf1 25. Rxf1 Kd7 26. a3 Re8
27. Kg2 f5 28. h3 Nxg3 29. fxg3 c6 30. dxc6+ Kxc6 31. h4 Re3 32. Ra1 Rc3 33. a4
Rxc4 34. a5 f4 35. Rh1 fxg3 36. Kxg3 d5 37. Rb1 Rhxh4 38. Rb6+ Kc7 39. Rb3
Rcg4+ 40. Kf3 Rh3+ 41. Kxg4 Rxb3 0-1

[Event "aut_ychg12 Deutschlandsberg"]
[Site "Deutschlandsberg, Laßnitzhaus"]
[Date "2006.??.??"]
[Round "1.2"]
[White "Kessler, Michaela"]
[Black "Teufl, Franziska"]
[Result "1-0"]
[WhiteElo "1523"]
[BlackElo "1308"]
[PlyCount "35"]
[EventDate "2006.06.03"]

1. e4 e5 2. Nf3 Nc6 3. d4 exd4 4. Nxd4 Nxd4 5. Qxd4 Nf6 6. e5 Ng8 7. Bc4 Be7 8.
O-O c6 9. Re1 d5 10. exd6 Bf5 11. Qxg7 Qxd6 12. Qxf7+ Kd7 13. Qxf5+ Kc7 14. Bf4
Qxf4 15. Qxf4+ Kc8 16. Bxg8 Rxg8 17. Rxe7 Kd8 18. Qc7# 1-0

[Event "aut_ychg12 Deutschlandsberg"]
[Site "Deutschlandsberg, Laßnitzhaus"]
[Date "2006.??.??"]
[Round "1.3"]
[White "Monadjem, Mina"]
[Black "Gerhold, Doris"]
[Result "0-1"]
[WhiteElo "1301"]
[BlackElo "1511"]
[PlyCount "168"]
[EventDate "2006.06.03"]

1. e4 e5 2. Nf3 Nc6 3. Bc4 Bc5 4. O-O d6 5. h3 Be6 6. Bxe6 fxe6 7. d3 h6 8.
Nfd2 Nf6 9. Nb3 Bb6 10. Nc3 O-O 11. Qf3 Qe7 12. Na4 Nd4 13. Nxd4 Bxd4 14. c3
Qe8 15. b3 Bb6 16. Nxb6 axb6 17. Re1 Nh5 18. Qe2 Nf4 19. Bxf4 exf4 20. f3 Qc6
21. Rac1 Qc5+ 22. d4 Qa5 23. Rc2 c5 24. Qc4 cxd4 25. Qxd4 Qc5 26. Qxc5 bxc5 27.
Rd2 Rfd8 28. e5 d5 29. Red1 Rdc8 30. a4 c4 31. b4 Rxa4 32. b5 Ra3 33. Rc1 Rb3
34. Ra2 Rxb5 35. Ra7 Rf8 36. Re1 Rb3 37. Rc1 Rf5 38. Kh2 Rxe5 39. Ra8+ Kf7 40.
g4 fxg3+ 41. Kxg3 Rg5+ 42. Kh2 Kf6 43. f4 Rb2+ 44. Kh1 Rf5 45. Rf8+ Kg6 46.
Rg1+ Kh7 47. Rxf5 exf5 48. Re1 Rc2 49. Re3 Rd2 50. Re5 Kg6 51. Re6+ Kf7 52. Re5
Kf6 53. Re8 Rd3 54. Rd8 Rxh3+ 55. Kg2 Rd3 56. Kf2 Ke6 57. Re8+ Kf7 58. Re5 d4
59. cxd4 Rxd4 60. Ke3 Rd3+ 61. Ke2 h5 62. Rxf5+ Kg6 63. Rc5 Rc3 64. Kd2 Rf3 65.
Rxc4 Kf5 66. Rc5+ Kxf4 67. Rxh5 g5 68. Ke2 g4 69. Rh4 Kg3 70. Rh7 b5 71. Rb7
Rf2+ 72. Ke3 Rf3+ 73. Ke2 Rb3 74. Kd2 Kg2 75. Rg7 g3 76. Kc2 Rf3 77. Kd2 b4 78.
Kc2 Kf2 79. Rd7 Re3 80. Rf7+ Kg1 81. Kd2 Ra3 82. Rg7 g2 83. Re7 Kf2 84. Re2+
Kf3 0-1

[Event "aut_ychg12 Deutschlandsberg"]
[Site "Deutschlandsberg, Laßnitzhaus"]
[Date "2006.??.??"]
[Round "1.4"]
[White "Tarmastin, Laura"]
[Black "Schnegg, Anna-Lena"]
[Result "1-0"]
[WhiteElo "1477"]
[BlackElo "1283"]
[PlyCount "45"]
[EventDate "2006.06.03"]

1. e4 d5 2. exd5 c6 3. Nc3 cxd5 4. d4 Nc6 5. Nf3 a6 6. Be2 Bf5 7. a3 b5 8. Nh4
Bd7 9. Bg5 h6 10. Be3 e5 11. Nf3 e4 12. Nd2 Nf6 13. Nb3 Bd6 14. f3 O-O 15. O-O
Qc7 16. g3 Bxg3 17. f4 Bh4 18. Kh1 Ng4 19. Bxg4 Bxg4 20. Qxg4 Be7 21. f5 Bd6
22. Nxd5 Qd7 23. Nf6+ 1-0

[Event "aut_ychg12 Deutschlandsberg"]
[Site "Deutschlandsberg, Laßnitzhaus"]
[Date "2006.??.??"]
[Round "1.5"]
[White "Boehm, Beatrice"]
[Black "Wilfling, Sandra"]
[Result "0-1"]
[WhiteElo "1200"]
[BlackElo "1409"]
[PlyCount "54"]
[EventDate "2006.06.03"]

1. e4 c5 2. Nc3 d6 3. d3 Nf6 4. Bf4 g6 5. Nf3 Bg7 6. Be2 O-O 7. O-O Nc6 8. Bg5
Bd7 9. d4 cxd4 10. Nxd4 Rc8 11. Qd3 Nxe4 12. Qxe4 Bxd4 13. Nb5 Be5 14. f4 Bf6
15. Bh6 Bg7 16. f5 Ne5 17. Nd4 Bxh6 18. Bd3 Nxd3 19. cxd3 Bg7 20. Rf3 Bxd4+ 21.
Qxd4 Bxf5 22. Qxa7 Qc7 23. Qa4 Ra8 24. Qh4 Qb6+ 25. Kf1 Qxb2 26. Re1 Rxa2 27.
Rf4 Qxg2# 0-1

[Event "aut_ychg12 Deutschlandsberg"]
[Site "Deutschlandsberg, Laßnitzhaus"]
[Date "2006.??.??"]
[Round "1.6"]
[White "Krivda, Manuela"]
[Black "Plessl, Ursula"]
[Result "1-0"]
[WhiteElo "1398"]
[BlackElo "1200"]
[PlyCount "47"]
[EventDate "2006.06.03"]

1. e4 e5 2. Nf3 Nc6 3. d4 Bb4+ 4. Bd2 a5 5. Bxb4 axb4 6. d5 Na5 7. Nxe5 d6 8.
Nf3 Nc4 9. Bxc4 Bg4 10. Bb5+ c6 11. dxc6 Ra5 12. c7+ Rxb5 13. cxd8=Q+ Kxd8 14.
Qxd6+ Bd7 15. Ne5 Nf6 16. Nxf7+ Kc8 17. Nxh8 Nxe4 18. Qf8+ Kc7 19. Qf4+ Nd6 20.
Nf7 g5 21. Qxd6+ Kc8 22. O-O h5 23. Rd1 Bc6 24. Qd8# 1-0

[Event "aut_ychg14 Deutschlandsberg"]
[Site "Deutschlandsberg, Laßnitzhaus"]
[Date "2006.??.??"]
[Round "1.1"]
[White "Newrkla, Katharina"]
[Black "Anker, Christin"]
[Result "1-0"]
[WhiteElo "1700"]
[BlackElo "1364"]
[PlyCount "125"]
[EventDate "2006.06.03"]

1. e4 e5 2. Nf3 Nc6 3. Bb5 f5 4. Nc3 fxe4 5. Nxe4 d5 6. Ng3 Bg4 7. h3 Bxf3 8.
Qxf3 Nf6 9. Nh5 e4 10. Qe2 g6 11. Nxf6+ Qxf6 12. O-O O-O-O 13. Qg4+ Kb8 14. d3
h5 15. Qg5 Qxg5 16. Bxg5 Re8 17. Rfe1 Bg7 18. dxe4 dxe4 19. Rad1 Kc8 20. Bxc6
bxc6 21. b3 Rhf8 22. Be3 a6 23. Bd4 Rf7 24. Bxg7 Rxg7 25. Rd4 Rge7 26. Re3 Re6
27. Kf1 Kb7 28. Ke2 Kb6 29. Kd2 Rd6 30. Kc3 Rde6 31. a4 c5 32. Rd2 Kc6 33. Kc4
Re5 34. Rd1 R5e6 35. Rd5 Re5 36. Rxe5 Rxe5 37. c3 Kd6 38. b4 cxb4 39. cxb4 Ke6
40. Kd4 Rd5+ 41. Kxe4 Rd2 42. Kf3+ Kd6 43. Re8 Rd3+ 44. Ke4 Rb3 45. Rd8+ Ke6
46. Rd4 Rb2 47. Ke3 Rb3+ 48. Kf4 Kf6 49. Rc4 Rb2 50. Ke3 Rb3+ 51. Kf4 Rb2 52.
Kg3 Rb3+ 53. f3 Ke5 54. Rc5+ Kf6 55. Rxc7 Rxb4 56. Rc6+ Kg5 57. h4+ Kf5 58.
Rxa6 Rb3 59. a5 Ra3 60. Ra8 Kf6 61. a6 Kf7 62. a7 Ra4 63. Rh8 1-0

[Event "aut_ychg14 Deutschlandsberg"]
[Site "Deutschlandsberg, Laßnitzhaus"]
[Date "2006.??.??"]
[Round "1.2"]
[White "Gavric, Dragana"]
[Black "Steininger, Sandra"]
[Result "1/2-1/2"]
[WhiteElo "1311"]
[BlackElo "1631"]
[PlyCount "81"]
[EventDate "2006.06.03"]

1. e4 e6 2. d4 d5 3. Nc3 Nc6 4. exd5 exd5 5. Nf3 Bg4 6. Be2 Nf6 7. Bg5 Be7 8.
O-O Qd7 9. Ne5 Bxe2 10. Qxe2 Nxd4 11. Qd3 Qf5 12. Qxd4 Qxg5 13. Nxd5 Bd6 14.
Rfe1 O-O 15. Nxf6+ Qxf6 16. Nf3 Qxd4 17. Nxd4 Rfe8 18. c3 a6 19. Rad1 Rad8 20.
Kf1 Kf8 21. Rd3 Rxe1+ 22. Kxe1 Re8+ 23. Kf1 Re5 24. h3 Ra5 25. a3 Rd5 26. Re3
Bc5 27. Re4 Bxd4 28. Rxd4 Rxd4 29. cxd4 Ke7 30. Ke2 Kd6 31. Kd3 Kd5 32. b4 b5
33. f3 f5 34. g3 g6 35. h4 h5 36. Kc3 Kd6 37. Kd2 Ke6 38. Ke3 Kd5 39. Kd3 Ke6
40. Ke3 Kd5 41. Kd3 1/2-1/2